000 00570nam a2200181Ia 4500
008 151202s9999||||xx |||||||||||||| ||und||
082 _bPNVM-62129
100 _aभावे राम.
245 _aबो बोता करोडपती.
260 _b"पुष्प प्रकाशन, पुणे."
260 _c62129
300 _a166
600 _aभावे राम.
630 _aबो बोता करोडपती.
700 _aभावे राम.
730 _aबो बोता करोडपती.
942 _cBOOK
999 _c1328663
_d1328660